| 000 | 00652nam a2200229Ia 4500 | ||
|---|---|---|---|
| 005 | 20230630120443.0 | ||
| 008 | 131103s9999 xx 000 0 und d | ||
| 020 | _a582313856 | ||
| 040 | _aLoreto College | ||
| 041 | _aEnglish | ||
| 082 |
_a942.08 _bMID |
||
| 100 | _aMidwinter,Eric | ||
| 245 |
_aVictorian social reform _cEric Midwinter |
||
| 260 |
_aLondon _bLongman _c1968 (1980 printing) |
||
| 300 | _avii,112 p. | ||
| 440 | _aSeminar Studies In History | ||
| 504 | _aIncludes bibliographical references and index | ||
| 650 | _aEngland - History, since 1837 | ||
| 700 | _aRichardson,Patrick,series ed. | ||
| 850 | _aLCLIB | ||
| 942 | _cBK | ||
| 999 |
_c8396 _d58875 |
||